| 000 | 01170nam a2200241 a 4500 | ||
|---|---|---|---|
| 008 | 120416s1985 ||||||||||||||||| || u | ||
| 020 | _a0534044824 | ||
| 050 | _aQK 711.2 Sal | ||
| 100 | _aRoss, Cleon W., 1934- | ||
| 245 | 1 | 0 | _aPlant physiology. (3rd ed.) |
| 250 | _a3rd ed. | ||
| 260 |
_aBelmont, Calif. : _bWadsworth Publishing Company _c1985 |
||
| 300 | _axv, 540p. : ill. | ||
| 350 | _a0.00 | ||
| 500 | _aBibliography: p. 505-528. | ||
| 650 | _aPLANTS | ||
| 650 | _aPLANT PHYSIOLOGY | ||
| 700 | _aSalisbury, Frank B | ||
| 995 |
_aBINDERY (DAMAGED) _D0.00 _e723058 _FCBU-MAIN LIBRARY (Kitwe) _H4 _I38.50 _jQK 711.2 Sal _M1 _UDAMAGED _y014674 _ZMain Library Open Access Collection |
||
| 995 |
_aBINDERY (DAMAGED) _D0.00 _e723060 _FCBU-MAIN LIBRARY (Kitwe) _H2 _I38.50 _jQK 711.2 Sal _M3 _UDAMAGED _y014677 _ZMain Library Open Access Collection |
||
| 995 |
_aMAIN LIBRARY OPEN ACCESS _D0.00 _e723061 _FCBU-MAIN LIBRARY (Kitwe) _H3 _I38.50 _jQK 711.2 Sal _M4 _UAVAILABLE _WJul 10, 2006 _y014675 _ZMain Library Open Access Collection |
||
| 995 |
_aBINDERY (DAMAGED) _D0.00 _e723059 _FCBU-MAIN LIBRARY (Kitwe) _H1 _I38.50 _jQK 711.2 Sal _M2 _UDAMAGED _y014676 _ZMain Library Open Access Collection |
||
| 999 |
_c81970 _d81970 |
||